MARC

LEADER 00000nam0a2200000 4500
001 232743
005 20231101231208.0
010 |a 5247003276 
020 |a RU  |b 88-69704 
035 |a (RuTPU)RU\TPU\book\253797 
090 |a 232743 
100 |a 20130219d1988 m y0rusy5003 ca 
101 0 |a rus 
102 |a RU 
105 |a a j 001zy 
200 1 |a Геология и гидрогеология  |e учебник  |f М. П. Толстой, В. А. Малыгин 
205 |a 2-е изд., перераб. и доп. 
210 |a Москва  |c Недра  |d 1988 
215 |a 320 с.  |c ил. 
225 1 |a Высшее образование 
320 |a Библиогр.: с. 313. 
320 |a Предм. указ.: с. 314-315. 
606 1 |a Геология  |2 stltpush  |3 (RuTPU)RU\TPU\subj\6095  |9 34054 
606 1 |a Гидрогеология  |2 stltpush  |3 (RuTPU)RU\TPU\subj\38647  |9 59032 
610 1 |a Земля 
610 1 |a земная кора 
610 1 |a геохронология 
610 1 |a геологические процессы 
610 1 |a геоморфология 
610 1 |a вода 
610 1 |a горные породы 
610 1 |a свойства 
610 1 |a состав 
610 1 |a происхождение 
610 1 |a подземные воды 
610 1 |a разновидности 
610 1 |a динамика 
610 1 |a запасы 
610 1 |a охрана 
610 1 |a инженерная геология 
610 1 |a гидрогеологические исследования 
610 1 |a учебники 
675 |a 55(075.8)  |v 3 
675 |a 556.3(075.8)  |v 3 
700 1 |a Толстой  |b М. П.  |g Михаил Павлович  |4 070 
701 1 |a Малыгин  |b В. А.  |g Владимир Андрианович  |4 070 
801 0 |a RU  |b RuMRKP  |c 19950417  |g psbo 
801 1 |a RU  |b 63413507  |c 20130219 
801 2 |a RU  |b 63413507  |c 20180730  |g RCR 
942 |c BK